000 00800nam a2200241 i 4500
001 C2-0330672
003 PPAK
005 20180728131230.0
008 150510s2015 my o|||| ||||| | may d
040 _aPPAK
_beng
_cPPAK
_erda
082 0 4 _a928.9923
_223
090 0 0 _a928.9923
_bBAH
_dKK
100 0 _aBaha Zain,
_eauthor
245 1 0 _aSeorang tokoh narator telah pergi :
_bceritanya masih banyak menyepi
264 1 _aKuala Lumpur :
_bDewan Sastera ,
_c2015
300 _a1 volume (unpaged) :
_bphotographs ;
_c30 cm
336 _2rdacontent
_atext
337 _2rdamedia
_aunmediated
338 _2rdacarrier
_avolume
500 _aPetikan artikel dari majalah Dewan Sastera (Februari 2015)
650 1 0 _aAbdullah Hussain, Dato', 1920-2014 ; Authors, Malay - Biography.
942 _ddc
_cB
999 _c129486
_d129486